Poesie

محفوظ في:
التفاصيل البيبلوغرافية
المؤلف الرئيسي: Kavafis Constantinos
التنسيق: كتاب
اللغة:لغة غير معروفة
منشور في: Milano Fabbri 1997
الوسوم: إضافة وسم
لا توجد وسوم, كن أول من يضع وسما على هذه التسجيلة!

MARC

LEADER 00000nam a2200000Ia 4500
001 495
003 NUMERAZIONE-ORIGINALE-BRESCIA
005 20260206230753.0
008 260206s9999 xx 000 0 und d
100 |a Kavafis Constantinos 
245 0 |a Poesie 
260 |a Milano 
260 |b Fabbri 
260 |c 1997 
500 |a I grandi classici della poesia 
500 |a testo a fronte 
942 |2 ddc  |c BK  |n 0 
952 |0 0  |1 0  |2 ddc  |4 0  |6 15  |7 0  |9 28622  |a BS  |b BS  |d 2026-02-06  |i 495  |l 0  |o 1-5-*  |r 2026-02-06 22:40:39  |w 2026-02-06  |x [REVISIONARE]  |y BK 
999 |c 24280  |d 24280